000 00473nam a2200181Ia 4500
008 100917s9999 xx 000 0 und d
082 _b45113
100 _aचलवादी विट्ठल
245 _aभुरळ
260 _bरम्यकथा प्रकाशन
_c1970
300 _a88
365 _b3
520 _aकादंबरी
630 _aभुरळ
650 _aकादंबरी
730 _aभुरळ
942 _cBOOK
999 _c650507
_d650504